000 00584nam a2200241 a 4500
001 nice12345678
003 IN_TiNIC
005 20260116011428.0
008 050524s1929 laha grp 000 0 urd
020 _a
_c100
082 0 0 _a244
_bKAY
100 _aKay, F E
245 _aKhufiya Shagird, Secret Disciples
260 _aLahore
_bPunjab Religious Booksociety
_c1929
300 _a16p
500 _aincludes index and biblioraphy
505 2 _aAppendix
650 _aChristianity-Miscellany
700 1 _aKay, F E
902 _bSRS
942 _cBK
999 _c1440
_d1440